[Event "Budapest Spring Festival 2019"]
[Site "Budapest"]
[Date "2019.04.12"]
[Round "4.23"]
[White "Popovic, Milan S"]
[Black "Abdumalik, Zhansaya"]
[Result "1/2-1/2"]
[WhiteElo "2332"]
[BlackElo "2463"]
[Annotator "ChessBase"]
[PlyCount "85"]
[EventDate "2019.04.09"]
[EventType "swiss"]
[EventCountry "HUN"]
[SourceTitle "playchess.com"]
[Source "ChessBase"]
[SourceQuality "1"]
[TimeControl "40/5400+30:1800+30"]

1. d4 {[%emt 0:00:06]} Nf6 {[%emt 0:00:11]} 2. Nf3 {[%emt 0:00:21]} g6 {[%emt 0:00:35]} 3. Bg5 {[%emt 0:00:14]} Bg7 {[%emt 0:00:24]} 4. e3 {[%emt 0:00:51]} c5 {[%emt 0:01:57]} 5. c3 {[%emt 0:00:49]} d5 {[%emt 0:02:13]} 6. Nbd2 {[%emt 0:00:56]} b6 {[%emt 0:02:05]} 7. Bb5+ {[%emt 0:04:18]} Bd7 {[%emt 0:02:20]} 8. a4 {[%emt 0:02:22]} a6 {[%emt 0:04:09]} 9. Be2 {[%emt 0:02:41]} Bf5 {[%emt 0:10:18]} 10. Bf4 {[%emt 0:12:50]} O-O {[%emt 0:02:45]} 11. O-O {[%emt 0:01:38]} h6 {[%emt 0:05:05]} 12. Ne5 {[%emt 0:10:31]} Re8 {[%emt 0:06:02]} 13. Bf3 {[%emt 0:13:22]} g5 {[%emt 0:04:45]} 14. Bg3 {[%emt 0:01:21]} e6 {[%emt 0:00:48]} 15. Re1 {[%emt 0:23:13]} Nbd7 {[%emt 0:05:02]} 16. h3 {[%emt 0:04:36]} Bh7 {[%emt 0:14:38]} 17. Qe2 {[%emt 0:04:35]} Qc8 {[%emt 0:03:13]} 18. Bh2 {[%emt 0:04:40]} Ra7 {[%emt 0:05:16]} 19. c4 {[%emt 0:05:55]} Bf8 {[%emt 0:07:33]} 20. Rac1 {[%emt 0:01:30]} a5 {[%emt 0:05:54]} 21. Nb1 {[%emt 0:01:33]} Nxe5 {[%emt 0:02:20]} 22. dxe5 {[%emt 0:01:00]} Nd7 {[%emt 0:01:59]} 23. Nc3 {[%emt 0:01:07]} d4 {[%emt 0:01:41]} 24. Nb5 {[%emt 0:00:08]} Ra6 {[%emt 0:00:43]} 25. Rcd1 {[%emt 0:01:09]} d3 {[%emt 0:00:50]} 26. Qd2 {[%emt 0:00:24]} Rd8 {[%emt 0:00:25]} 27. Qc3 {[%emt 0:00:30]} Nb8 {[%emt 0:02:39]} 28. Rd2 {[%emt 0:00:03]} Nc6 {[%emt 0:00:37]} 29. Bxc6 {[%emt 0:00:03]} Qxc6 {[%emt 0:00:05]} 30. f3 {[%emt 0:00:19]} Raa8 {[%emt 0:02:23]} 31. e4 {[%emt 0:00:05]} Rd7 {[%emt 0:00:53]} 32. Rxd3 {[%emt 0:00:22]} Rad8 {[%emt 0:00:12]} 33. Red1 {[%emt 0:00:07]} Bg6 {[%emt 0:01:32]} 34. Bg3 {[%emt 0:01:39]} h5 {[%emt 0:00:20]} 35. b3 {[%emt 0:00:46]} Be7 {[%emt 0:00:16]} 36. Kf1 {[%emt 0:00:39]} Kg7 {[%emt 0:00:55]} 37. Rxd7 {[%emt 0:00:37]} Rxd7 {[%emt 0:00:02]} 38. Rxd7 {[%emt 0:00:40]} Qxd7 {[%emt 0:00:01]} 39. Ke2 {[%emt 0:00:06]} g4 {[%emt 0:00:49]} 40. h4 {[%emt 0:00:00]} gxf3+ {[%emt 0:00:00]} 41. gxf3 {[%emt 0:01:55]} Qd8 {[%emt 0:08:20]} 42. Qe1 {[%emt 0:02:30]} Kh7 {[%emt 0:00:25]} 43. Qf2 {[%emt 0:04:52]} 1/2-1/2

[Event "Budapest Spring Festival 2019"]
[Site "Budapest"]
[Date "2019.04.12"]
[Round "4.24"]
[White "Skomorokhin, Roman"]
[Black "Ankit, R. Rajpara"]
[Result "1/2-1/2"]
[WhiteElo "2318"]
[BlackElo "2462"]
[Annotator "ChessBase"]
[PlyCount "121"]
[EventDate "2019.04.09"]
[EventType "swiss"]
[EventCountry "HUN"]
[SourceTitle "playchess.com"]
[Source "ChessBase"]
[SourceQuality "1"]
[TimeControl "40/5400+30:1800+30"]

1. Nf3 {[%emt 0:04:47]} Nf6 {[%emt 0:00:17]} 2. c4 {[%emt 0:00:29]} e6 {[%emt 0:00:20]} 3. Nc3 {[%emt 0:00:25]} d5 {[%emt 0:00:20]} 4. e3 {[%emt 0:00:29]} c6 {[%emt 0:00:28]} 5. b3 {[%emt 0:01:03]} Bd6 {[%emt 0:00:20]} 6. Bb2 {[%emt 0:00:21]} O-O {[%emt 0:00:28]} 7. d4 {[%emt 0:02:26]} Nbd7 {[%emt 0:01:30]} 8. Bd3 {[%emt 0:00:19]} b6 {[%emt 0:00:44]} 9. O-O {[%emt 0:04:56]} Bb7 {[%emt 0:00:18]} 10. Qc2 {[%emt 0:05:04]} Rc8 {[%emt 0:03:20]} 11. Rad1 {[%emt 0:00:33]} Qe7 {[%emt 0:05:26]} 12. Rfe1 {[%emt 0:01:12]} Bb4 {[%emt 0:18:54]} 13. e4 {[%emt 0:11:18]} dxe4 {[%emt 0:03:08]} 14. Bxe4 {[%emt 0:00:04]} Nxe4 {[%emt 0:03:21]} 15. Qxe4 {[%emt 0:01:59]} Nf6 {[%emt 0:08:17]} 16. Qh4 {[%emt 0:15:44]} Qc7 {[%emt 0:16:03]} 17. Ne5 {[%emt 0:02:56]} Be7 {[%emt 0:01:43]} 18. Qh3 {[%emt 0:06:49]} a6 {[%emt 0:04:37]} 19. Ne2 {[%emt 0:01:27]} Bb4 {[%emt 0:01:45]} 20. Rf1 {[%emt 0:14:25]} Bd6 {[%emt 0:01:18]} 21. Ng3 {[%emt 0:01:50]} c5 22. Rfe1 cxd4 {[%emt 0:06:49]} 23. Bxd4 {[%emt 0:00:53]} Rfd8 {[%emt 0:01:09]} 24. Ng4 {[%emt 0:01:19]} Nxg4 {[%emt 0:07:28]} 25. Qxg4 {[%emt 0:00:07]} f5 {[%emt 0:00:45]} 26. Qg5 {[%emt 0:05:33]} Bf4 {[%emt 0:05:19]} 27. Qh4 {[%emt 0:00:48]} Bxg3 {[%emt 0:02:44]} 28. Qxg3 {[%emt 0:04:46]} b5 {[%emt 0:04:14]} 29. Be5 {[%emt 0:06:21]} Qf7 {[%emt 0:00:57]} 30. cxb5 {[%emt 0:03:25]} axb5 {[%emt 0:00:22]} 31. Rxd8+ {[%emt 0:00:40]} Rxd8 {[%emt 0:00:04]} 32. Rc1 {[%emt 0:00:07]} Rd7 {[%emt 0:01:47]} 33. h4 {[%emt 0:00:26]} h6 {[%emt 0:00:15]} 34. Rc5 {[%emt 0:00:44]} Rd5 {[%emt 0:01:57]} 35. Rxd5 {[%emt 0:01:09]} Bxd5 {[%emt 0:00:03]} 36. a4 {[%emt 0:00:08]} bxa4 {[%emt 0:00:35]} 37. bxa4 {[%emt 0:00:01]} Kh7 {[%emt 0:00:49]} 38. a5 {[%emt 0:01:22]} Qg6 {[%emt 0:00:33]} 39. Qxg6+ {[%emt 0:00:56]} Kxg6 {[%emt 0:00:03]} 40. a6 {[%emt 0:00:00]} Ba8 {[%emt 0:00:00]} 41. g3 {[%emt 0:04:57]} Kh5 {[%emt 0:08:06]} 42. Bxg7 {[%emt 0:01:49]} f4 {[%emt 0:00:05]} 43. Be5 {[%emt 0:14:23]} fxg3 {[%emt 0:01:02]} 44. fxg3 {[%emt 0:00:35]} Kg4 {[%emt 0:00:20]} 45. Kf2 {[%emt 0:00:21]} Kf5 {[%emt 0:00:17]} 46. Bg7 {[%emt 0:00:43]} h5 {[%emt 0:00:19]} 47. Ke3 {[%emt 0:00:11]} e5 {[%emt 0:00:15]} 48. Kd3 {[%emt 0:01:15]} e4+ {[%emt 0:02:17]} 49. Kd4 {[%emt 0:02:54]} Kg4 {[%emt 0:01:46]} 50. Be5 {[%emt 0:00:07]} Bc6 {[%emt 0:01:04]} 51. Bf4 {[%emt 0:01:01]} Ba8 {[%emt 0:00:09]} 52. Ke5 {[%emt 0:01:05]} Bc6 {[%emt 0:00:10]} 53. Ke6 {[%emt 0:02:53]} Ba8 {[%emt 0:00:09]} 54. a7 {[%emt 0:00:17]} Bb7 {[%emt 0:00:32]} 55. Kd6 {[%emt 0:04:23]} Kf3 {[%emt 0:00:20]} 56. Ke5 {[%emt 0:01:20]} Kg4 {[%emt 0:00:41]} 57. Kd4 {[%emt 0:00:29]} Kf3 {[%emt 0:00:12]} 58. Bd6 {[%emt 0:02:08]} e3 {[%emt 0:03:08]} 59. Bf4 {[%emt 0:00:40]} e2 {[%emt 0:00:04]} 60. Bd2 {[%emt 0:00:06]} Kxg3 {[%emt 0:00:07]} 61. Ke3 {[%emt 0:00:27]} 1/2-1/2

[Event "Budapest Spring Festival 2019"]
[Site "Budapest"]
[Date "2019.04.12"]
[Round "4.25"]
[White "Gorodetzky, David"]
[Black "Dixit, Nikhil"]
[Result "1/2-1/2"]
[WhiteElo "2461"]
[BlackElo "2302"]
[Annotator "ChessBase"]
[PlyCount "65"]
[EventDate "2019.04.09"]
[EventType "swiss"]
[EventCountry "HUN"]
[SourceTitle "playchess.com"]
[Source "ChessBase"]
[SourceQuality "1"]
[TimeControl "40/5400+30:1800+30"]

1. e4 {[%emt 0:00:06]} g6 {[%emt 0:00:07]} 2. d4 {[%emt 0:00:06]} Bg7 {[%emt 0:00:04]} 3. Nc3 {[%emt 0:00:32]} c6 {[%emt 0:00:03]} 4. Nf3 {[%emt 0:02:11]} d6 {[%emt 0:00:02]} 5. h3 {[%emt 0:02:25]} Nf6 {[%emt 0:00:05]} 6. Be3 {[%emt 0:04:11]} O-O {[%emt 0:00:12]} 7. a4 {[%emt 0:00:36]} d5 {[%emt 0:02:06]} 8. e5 {[%emt 0:02:27]} Ne4 {[%emt 0:00:02]} 9. Nxe4 {[%emt 0:02:39]} dxe4 {[%emt 0:00:04]} 10. Ng5 {[%emt 0:00:55]} c5 {[%emt 0:01:31]} 11. c3 {[%emt 0:00:02]} cxd4 {[%emt 0:03:39]} 12. cxd4 {[%emt 0:02:02]} Nc6 {[%emt 0:21:02]} 13. Bc4 {[%emt 0:03:10]} Qa5+ {[%emt 0:11:59]} 14. Qd2 {[%emt 0:00:59]} Qxd2+ {[%emt 0:07:24]} 15. Kxd2 {[%emt 0:00:02]} h6 {[%emt 0:09:11]} 16. Nxe4 {[%emt 0:03:01]} Rd8 {[%emt 0:02:20]} 17. Kc3 {[%emt 0:01:26]} b6 {[%emt 0:01:11]} 18. f3 {[%emt 0:17:09]} Bb7 {[%emt 0:02:26]} 19. Rac1 {[%emt 0:04:22]} Rac8 {[%emt 0:02:33]} 20. b3 {[%emt 0:09:04]} Na5 {[%emt 0:05:01]} 21. Nd2 {[%emt 0:04:41]} Nxc4 {[%emt 0:04:16]} 22. bxc4 {[%emt 0:01:38]} f6 {[%emt 0:01:32]} 23. exf6 {[%emt 0:04:36]} exf6 {[%emt 0:00:42]} 24. Rhe1 {[%emt 0:06:48]} f5 {[%emt 0:01:55]} 25. Rb1 {[%emt 0:05:51]} Bc6 {[%emt 0:04:33]} 26. Ra1 {[%emt 0:04:56]} Rd7 {[%emt 0:00:54]} 27. Bf2 {[%emt 0:00:58]} Bd5 {[%emt 0:04:27]} 28. Kd3 {[%emt 0:01:38]} Bf7 {[%emt 0:00:33]} 29. f4 {[%emt 0:05:19]} Rdc7 {[%emt 0:00:23]} 30. Rac1 {[%emt 0:04:12]} Bf8 {[%emt 0:01:30]} 31. a5 {[%emt 0:05:58]} Bb4 {[%emt 0:05:21]} 32. axb6 {[%emt 0:00:14]} axb6 {[%emt 0:01:39]} 33. Re5 {[%emt 0:01:03]} 1/2-1/2

[Event "Budapest Spring Festival 2019"]
[Site "Budapest"]
[Date "2019.04.12"]
[Round "4.26"]
[White "Ruff, Maximilian"]
[Black "Erenberg, Ariel"]
[Result "1-0"]
[WhiteElo "2313"]
[BlackElo "2437"]
[Annotator "ChessBase"]
[PlyCount "94"]
[EventDate "2019.04.09"]
[EventType "swiss"]
[EventCountry "HUN"]
[SourceTitle "playchess.com"]
[Source "ChessBase"]
[SourceQuality "1"]
[TimeControl "40/5400+30:1800+30"]

1. d4 {[%emt 0:00:05]} Nf6 {[%emt 0:00:10]} 2. c4 {[%emt 0:00:08]} e6 {[%emt 0:00:04]} 3. Nc3 {[%emt 0:00:43]} Bb4 {[%emt 0:00:05]} 4. Qc2 {[%emt 0:00:07]} b6 {[%emt 0:00:08]} 5. e4 {[%emt 0:02:39]} c5 {[%emt 0:00:32]} 6. d5 {[%emt 0:02:34]} Qe7 {[%emt 0:00:46]} 7. Be2 {[%emt 0:05:53]} d6 {[%emt 0:01:50]} 8. Bd2 {[%emt 0:05:18]} O-O {[%emt 0:05:42]} 9. O-O-O {[%emt 0:03:02]} Bxc3 {[%emt 0:04:14]} 10. Bxc3 {[%emt 0:01:16]} exd5 {[%emt 0:00:07]} 11. exd5 {[%emt 0:01:49]} Ne4 {[%emt 0:00:59]} 12. Bd3 {[%emt 0:18:06]} Nxc3 {[%emt 0:00:26]} 13. bxc3 {[%emt 0:06:02]} h6 {[%emt 0:13:51]} 14. Nf3 {[%emt 0:05:45]} b5 {[%emt 0:01:26]} 15. cxb5 a6 {[%emt 0:02:03]} 16. b6 {[%emt 0:09:48]} Nd7 {[%emt 0:01:43]} 17. Qa4 {[%emt 0:07:31]} Nxb6 {[%emt 0:08:54]} 18. Qe4 {[%emt 0:00:26]} Qxe4 {[%emt 0:00:12]} 19. Bxe4 {[%emt 0:00:04]} Bb7 {[%emt 0:03:47]} 20. g4 {[%emt 0:03:14]} Rae8 {[%emt 0:05:15]} 21. Rhe1 {[%emt 0:00:55]} Nd7 {[%emt 0:01:21]} 22. g5 {[%emt 0:06:06]} hxg5 {[%emt 0:11:32]} 23. Nxg5 {[%emt 0:00:11]} Nf6 {[%emt 0:03:57]} 24. c4 {[%emt 0:02:07]} g6 {[%emt 0:01:27]} 25. Bc2 {[%emt 0:03:13]} Kg7 {[%emt 0:07:36]} 26. Ba4 {[%emt 0:03:28]} Rxe1 {[%emt 0:02:32]} 27. Rxe1 {[%emt 0:00:01]} Ng4 {[%emt 0:02:57]} 28. f4 {[%emt 0:06:34]} Bc8 {[%emt 0:00:16]} 29. Re7 {[%emt 0:00:32]} Nh6 {[%emt 0:03:27]} 30. Rc7 {[%emt 0:01:35]} Nf5 {[%emt 0:01:27]} 31. Kd2 {[%emt 0:04:21]} Kg8 {[%emt 0:01:27]} 32. Kc3 {[%emt 0:00:46]} a5 {[%emt 0:03:14]} 33. Bb5 {[%emt 0:00:26]} Nd4 {[%emt 0:00:35]} 34. Bd7 {[%emt 0:01:12]} Bxd7 {[%emt 0:02:45]} 35. Rxd7 {[%emt 0:00:02]} Ne2+ {[%emt 0:00:21]} 36. Kd2 {[%emt 0:00:09]} Nxf4 {[%emt 0:00:07]} 37. Rxd6 {[%emt 0:00:07]} Re8 {[%emt 0:01:24]} 38. Rf6 {[%emt 0:01:53]} Nh5 {[%emt 0:04:12]} 39. Rc6 {[%emt 0:00:40]} Nf4 {[%emt 0:02:41]} 40. Rxc5 {[%emt 0:00:00]} Re2+ {[%emt 0:00:00]} 41. Kc3 {[%emt 0:02:08]} Rxa2 {[%emt 0:04:13]} 42. d6 {[%emt 0:07:05]} Ne2+ {[%emt 0:02:14]} 43. Kd3 {[%emt 0:01:51]} Nc1+ {[%emt 0:01:41]} 44. Ke4 {[%emt 0:00:41]} Re2+ {[%emt 0:06:25]} 45. Kd5 {[%emt 0:11:31]} Nd3 {[%emt 0:01:58]} 46. Rc8+ {[%emt 0:02:53]} Kg7 {[%emt 0:00:02]} 47. d7 {[%emt 0:01:15]} Nb4+ {[%emt 0:00:37]} 1-0

[Event "Budapest Spring Festival 2019"]
[Site "Budapest"]
[Date "2019.04.12"]
[Round "4.27"]
[White "Bhambure, Shantanu"]
[Black "Nguyen, Piotr"]
[Result "0-1"]
[WhiteElo "2261"]
[BlackElo "2427"]
[Annotator "NA"]
[PlyCount "70"]
[EventDate "2019.04.09"]
[EventType "swiss"]
[EventCountry "HUN"]
[SourceTitle "playchess.com"]
[Source "ChessBase"]
[SourceQuality "1"]
[TimeControl "40/5400+30:1800+30"]

1. d4 {[%emt 0:00:15]} d6 {[%emt 0:00:06]} 2. c4 {[%emt 0:00:08]} e5 {[%emt 0:00:05]} 3. d5 {[%emt 0:00:10]} Be7 {[%emt 0:03:47]} 4. Nc3 {[%emt 0:01:17]} a5 {[%emt 0:01:57]} 5. g3 {[%emt 0:04:07]} f5 {[%emt 0:01:55]} 6. Bg2 {[%emt 0:09:36] A41: 1 d4 d6: Tartakower System and Modern Defence} Nf6 {[%emt 0:04:54]} 7. Nf3 {[%emt 0:02:32]} O-O {[%emt 0:03:20]} 8. O-O {[%emt 0:02:17]} (8. e4 Na6 9. exf5 Bxf5 10. O-O Qd7 11. Ng5 Nc5 12. Be3 Ng4 13. Nge4 Nxe4 14. Nxe4 {1-0 (59) Ponkratov,P (2613)-Sjugirov,S (2650) Riadh 2017}) 8... Na6 {[%emt 0:05:18]} 9. b3 {[%emt 0:01:42]} Qe8 {[%emt 0:04:38]} 10. Ne1 $146 {[%emt 0:08:08]} ({Predecessor:} 10. Ba3 f4 11. gxf4 exf4 12. Nd4 Ng4 13. Qd3 {1-0 (44) Poobesh Anand,S (2329)-Akshayraj,K (2300) Negombo 2003}) 10... Bd7 {[%emt 0:04:36]} 11. e3 {[%emt 0:15:05]} h6 {[%emt 0:20:59]} 12. f4 {[%emt 0:07:53]} e4 {[%emt 0:01:03]} 13. Bb2 {[%emt 0:04:55]} g5 {[%emt 0:06:02]} 14. Ne2 {[%emt 0:05:05]} Qg6 {[%emt 0:05:17]} 15. Nd4 {[%emt 0:02:55]} Kh7 {[%emt 0:05:25]} 16. Bc3 {[%emt 0:08:29]} Nc5 {[%emt 0:02:09]} 17. a3 {[%emt 0:02:24]} gxf4 {[%emt 0:02:37]} 18. exf4 {[%emt 0:09:34]} h5 {[%emt 0:00:27]} 19. Ne2 {[%emt 0:02:22]} h4 {[%emt 0:02:32]} 20. b4 {[%emt 0:00:55]} Na4 {[%emt 0:02:09]} 21. Bd4 {[%emt 0:02:03]} b5 {[%emt 0:06:15]} 22. Nc2 {[%emt 0:02:49]} Nh5 {[%emt 0:02:49]} 23. gxh4 {[%emt 0:04:05]} Rg8 {[%emt 0:05:20]} 24. Ne3 {[%emt 0:00:05]} Nb6 {[%emt 0:00:10]} 25. Bxb6 $1 {[%emt 0:02:21]} cxb6 {[%emt 0:00:01]} 26. Rc1 {[%emt 0:01:03]} axb4 {[%emt 0:01:09]} 27. axb4 {[%emt 0:00:02]} Bxh4 {[%emt 0:03:13]} 28. Nd4 {[%emt 0:00:16]} Ra3 {[%emt 0:00:33]} 29. Ndc2 {[%emt 0:00:37]} Rd3 {[%emt 0:00:43]} 30. Qe2 {[%emt 0:00:05]} bxc4 {[%emt 0:00:43]} 31. Kh1 {[%emt 0:00:22]} Qh6 {[%emt 0:01:46]} 32. Nxf5 {[%emt 0:01:22]} Bxf5 {[%emt 0:00:15]} 33. Bxe4 {[%emt 0:00:04]} Ng3+ {[%emt 0:01:17]} 34. hxg3 {[%emt 0:00:05]} Bxg3+ {[%emt 0:00:06]} 35. Kg1 {[%emt 0:00:05]} Bh2+ {[%emt 0:00:45]} 0-1

[Event "Budapest Spring Festival 2019"]
[Site "Budapest"]
[Date "2019.04.12"]
[Round "4.28"]
[White "Prraneeth, Vuppala"]
[Black "Srinath, Rao S.V."]
[Result "1/2-1/2"]
[WhiteElo "2177"]
[BlackElo "2416"]
[Annotator "ChessBase"]
[PlyCount "112"]
[EventDate "2019.04.09"]
[EventType "swiss"]
[EventCountry "HUN"]
[SourceTitle "playchess.com"]
[Source "ChessBase"]
[SourceQuality "1"]
[TimeControl "40/5400+30:1800+30"]

1. d4 {[%emt 0:02:48]} Nf6 {[%emt 0:00:26]} 2. c4 {[%emt 0:00:07]} g6 {[%emt 0:00:10]} 3. g3 {[%emt 0:00:17]} c6 {[%emt 0:00:57]} 4. Bg2 {[%emt 0:00:34]} d5 {[%emt 0:00:05]} 5. Qa4 {[%emt 0:02:12]} dxc4 {[%emt 0:00:20]} 6. Qxc4 {[%emt 0:01:44]} Bg7 {[%emt 0:00:05]} 7. Nc3 {[%emt 0:02:02]} O-O {[%emt 0:00:12]} 8. Nf3 {[%emt 0:08:28]} Bf5 {[%emt 0:08:15]} 9. Qb3 {[%emt 0:04:16]} Qc8 {[%emt 0:00:50]} 10. O-O {[%emt 0:03:29]} Nbd7 {[%emt 0:02:12]} 11. Ng5 {[%emt 0:17:37]} h6 {[%emt 0:06:52]} 12. e4 {[%emt 0:00:13]} Bg4 {[%emt 0:00:28]} 13. Nf3 {[%emt 0:07:20]} Re8 {[%emt 0:03:45]} 14. Ne5 {[%emt 0:10:35]} Be6 {[%emt 0:02:23]} 15. Qc2 {[%emt 0:00:17]} c5 {[%emt 0:03:00]} 16. Nxd7 {[%emt 0:05:16]} cxd4 {[%emt 0:00:09]} 17. Nxf6+ {[%emt 0:00:24]} Bxf6 {[%emt 0:04:50]} 18. f4 {[%emt 0:02:30]} dxc3 {[%emt 0:00:52]} 19. e5 {[%emt 0:00:04]} Qc5+ {[%emt 0:06:16]} 20. Qf2 {[%emt 0:05:10]} Qxf2+ {[%emt 0:00:26]} 21. Rxf2 {[%emt 0:00:02]} Bg7 {[%emt 0:00:09]} 22. bxc3 {[%emt 0:10:14]} Rab8 {[%emt 0:00:32]} 23. Be3 {[%emt 0:00:53]} b6 {[%emt 0:04:32]} 24. a4 {[%emt 0:02:35]} Rec8 {[%emt 0:01:15]} 25. Bd4 {[%emt 0:00:12]} h5 {[%emt 0:07:40]} 26. h4 {[%emt 0:03:34]} Bf8 {[%emt 0:02:32]} 27. a5 {[%emt 0:02:15]} Bd7 {[%emt 0:03:29]} 28. axb6 {[%emt 0:01:40]} axb6 {[%emt 0:00:04]} 29. Ra7 {[%emt 0:01:05]} Bc6 {[%emt 0:01:32]} 30. f5 {[%emt 0:03:21]} Bxg2 {[%emt 0:01:09]} 31. Kxg2 {[%emt 0:00:05]} Rc6 {[%emt 0:00:49]} 32. e6 {[%emt 0:00:46]} f6 {[%emt 0:01:29]} 33. Re2 {[%emt 0:01:55]} Kg7 {[%emt 0:00:34]} 34. fxg6 {[%emt 0:00:37]} Kxg6 {[%emt 0:00:28]} 35. Kf3 {[%emt 0:00:07]} b5 {[%emt 0:00:48]} 36. g4 {[%emt 0:00:12]} hxg4+ 37. Kxg4 {[%emt 0:00:03]} b4 {[%emt 0:03:03]} 38. h5+ {[%emt 0:00:44]} Kg7 {[%emt 0:01:50]} 39. cxb4 {[%emt 0:01:57]} Rxb4 {[%emt 0:00:30]} 40. Rd7 {[%emt 0:00:00]} Rb5 {[%emt 0:00:00]} 41. Rd8 {[%emt 0:06:47]} Rc4 {[%emt 0:04:31]} 42. Re4 {[%emt 0:07:02]} Kg8 {[%emt 0:00:05]} 43. h6 {[%emt 0:00:35]} f5+ {[%emt 0:01:46]} 44. Kh5 {[%emt 0:00:02]} Kh7 {[%emt 0:00:29]} 45. Rf4 {[%emt 0:00:07]} Rxd4 {[%emt 0:02:38]} 46. Rfxd4 {[%emt 0:02:28]} Bxh6 {[%emt 0:00:09]} 47. R8d7 {[%emt 0:07:09]} f4+ {[%emt 0:01:49]} 48. Kg4 {[%emt 0:00:01]} Kg6 {[%emt 0:00:14]} 49. Rxe7 {[%emt 0:00:33]} Rb3 {[%emt 0:00:06]} 50. Rxf4 {[%emt 0:01:18]} Bxf4 {[%emt 0:00:05]} 51. Kxf4 {[%emt 0:00:04]} Kf6 {[%emt 0:00:07]} 52. Re8 {[%emt 0:00:08]} Rb4+ {[%emt 0:00:04]} 53. Kf3 {[%emt 0:00:16]} Rb6 {[%emt 0:00:13]} 54. e7 {[%emt 0:00:06]} Re6 {[%emt 0:00:13]} 55. Kf4 {[%emt 0:00:10]} Rxe7 {[%emt 0:00:02]} 56. Rxe7 {[%emt 0:00:06]} Kxe7 {[%emt 0:00:04]} 1/2-1/2

[Event "Budapest Spring Festival 2019"]
[Site "Budapest"]
[Date "2019.04.12"]
[Round "4.29"]
[White "Popovic, Dusan"]
[Black "Nandhidhaa, P V"]
[Result "1/2-1/2"]
[WhiteElo "2503"]
[BlackElo "2314"]
[Annotator "ChessBase"]
[PlyCount "78"]
[EventDate "2019.04.09"]
[EventType "swiss"]
[EventCountry "HUN"]
[SourceTitle "playchess.com"]
[Source "ChessBase"]
[SourceQuality "1"]
[TimeControl "40/5400+30:1800+30"]

1. e4 {[%emt 0:00:30]} c5 {[%emt 0:01:15]} 2. Nf3 {[%emt 0:00:06]} e6 {[%emt 0:00:05]} 3. d4 {[%emt 0:00:10]} cxd4 {[%emt 0:00:19]} 4. Nxd4 {[%emt 0:00:05]} Nc6 {[%emt 0:00:06]} 5. Nc3 {[%emt 0:00:05]} Qc7 {[%emt 0:00:05]} 6. Be3 {[%emt 0:00:10]} a6 {[%emt 0:00:14]} 7. a3 {[%emt 0:00:16]} Nf6 {[%emt 0:01:12]} 8. f4 {[%emt 0:04:35]} d6 {[%emt 0:01:17]} 9. Qf3 {[%emt 0:00:11]} Be7 {[%emt 0:01:27]} 10. O-O-O {[%emt 0:00:17]} O-O {[%emt 0:04:46]} 11. Be2 {[%emt 0:00:43]} Nxd4 {[%emt 0:02:13]} 12. Bxd4 {[%emt 0:01:53]} b5 {[%emt 0:03:30]} 13. g4 {[%emt 0:07:03]} Bb7 {[%emt 0:02:21]} 14. g5 {[%emt 0:00:49]} Nd7 {[%emt 0:01:36]} 15. Rhg1 {[%emt 0:03:14]} e5 {[%emt 0:05:25]} 16. Be3 {[%emt 0:03:03]} exf4 {[%emt 0:01:43]} 17. Qxf4 {[%emt 0:01:06]} Ne5 {[%emt 0:02:26]} 18. Kb1 {[%emt 0:10:00]} Rac8 {[%emt 0:03:56]} 19. Rg3 {[%emt 0:09:39]} Nc4 {[%emt 0:05:30]} 20. Bxc4 {[%emt 0:03:54]} Qxc4 {[%emt 0:05:44]} 21. Bd4 {[%emt 0:03:52]} Qe6 {[%emt 0:06:53]} 22. Bf6 {[%emt 0:12:08]} Rfe8 {[%emt 0:06:25]} 23. Bxe7 {[%emt 0:11:03]} Qxe7 {[%emt 0:00:49]} 24. Rxd6 {[%emt 0:02:17]} Rc4 {[%emt 0:12:33]} 25. Rgd3 {[%emt 0:04:37]} Bxe4 {[%emt 0:04:10]} 26. Re3 {[%emt 0:01:51]} h5 {[%emt 0:04:40]} 27. Kc1 {[%emt 0:04:34]} Qc7 {[%emt 0:08:23]} 28. Rxe4 {[%emt 0:04:42]} Rexe4 {[%emt 0:02:33]} 29. Nxe4 {[%emt 0:00:06]} Rxe4 {[%emt 0:00:14]} 30. Qxe4 {[%emt 0:00:15]} Qxd6 {[%emt 0:00:05]} 31. Qe8+ {[%emt 0:00:07]} Qf8 {[%emt 0:06:59]} 32. Qe5 {[%emt 0:04:10]} Qc8 {[%emt 0:01:39]} 33. b3 {[%emt 0:02:47]} Qc6 {[%emt 0:00:36]} 34. Kd2 {[%emt 0:00:51]} Kf8 {[%emt 0:00:53]} 35. Kd3 {[%emt 0:03:13]} Qf3+ {[%emt 0:01:07]} 36. Kd4 {[%emt 0:01:27]} Qd1+ {[%emt 0:00:44]} 37. Kc5 {[%emt 0:01:51]} Qxc2+ {[%emt 0:00:21]} 38. Kb4 {[%emt 0:00:42]} Qd2+ {[%emt 0:02:03]} 39. Kc5 {[%emt 0:00:04]} Qc2+ {[%emt 0:00:17]} 1/2-1/2

[Event "Budapest Spring Festival 2019"]
[Site "Budapest"]
[Date "2019.04.12"]
[Round "4.30"]
[White "Livaic, Leon"]
[Black "Budai, David"]
[Result "1-0"]
[WhiteElo "2474"]
[BlackElo "2308"]
[Annotator "ChessBase"]
[PlyCount "51"]
[EventDate "2019.04.09"]
[EventType "swiss"]
[EventCountry "HUN"]
[SourceTitle "playchess.com"]
[Source "ChessBase"]
[SourceQuality "1"]
[TimeControl "40/5400+30:1800+30"]

1. d4 {[%emt 0:00:01]} Nf6 {[%emt 0:07:44]} 2. c4 {[%emt 0:00:10]} g6 {[%emt 0:00:14]} 3. Nc3 {[%emt 0:00:25]} Bg7 {[%emt 0:00:05]} 4. e4 {[%emt 0:00:05]} d6 {[%emt 0:00:03]} 5. h3 {[%emt 0:00:34]} O-O {[%emt 0:00:15]} 6. Be3 {[%emt 0:00:04]} Na6 {[%emt 0:01:09]} 7. g4 {[%emt 0:00:19]} e5 {[%emt 0:00:33]} 8. d5 {[%emt 0:00:21]} Nc5 {[%emt 0:00:15]} 9. f3 {[%emt 0:01:15]} a5 {[%emt 0:03:03]} 10. Qd2 {[%emt 0:00:25]} a4 {[%emt 0:11:23]} 11. Nge2 {[%emt 0:00:35]} c6 {[%emt 0:01:06]} 12. Ng3 {[%emt 0:00:45]} cxd5 {[%emt 0:00:23]} 13. cxd5 {[%emt 0:00:05]} Qa5 {[%emt 0:00:33]} 14. Nb5 {[%emt 0:09:03]} Qb6 {[%emt 0:07:51]} 15. Rc1 {[%emt 0:01:57]} Nfd7 {[%emt 0:04:03]} 16. h4 {[%emt 0:01:52]} h5 {[%emt 0:12:29]} 17. gxh5 {[%emt 0:04:54]} f5 {[%emt 0:00:05]} 18. h6 {[%emt 0:05:58]} Bh8 {[%emt 0:01:53]} 19. h7+ {[%emt 0:04:02]} Kxh7 {[%emt 0:03:12]} 20. h5 {[%emt 0:00:05]} f4 {[%emt 0:00:15]} 21. hxg6+ {[%emt 0:00:04]} Kxg6 {[%emt 0:00:06]} 22. Nf5 {[%emt 0:01:10]} Rxf5 {[%emt 0:07:27]} 23. exf5+ {[%emt 0:00:08]} Kf7 {[%emt 0:00:58]} 24. Rxh8 {[%emt 0:03:05]} fxe3 {[%emt 0:00:27]} 25. Qg2 {[%emt 0:00:13]} Nf8 {[%emt 0:00:29]} 26. Qg8+ {[%emt 0:00:06]} 1-0